00672npc a2200181Ia 4500001002200000003001000022008004100032040002500073041000700098100001100105240006200116245007900178250001100257260003600268300001200304500015800316650001600474onu9-977 [d000000911]IT-MiCISF161014s9999||||xx | und|| aIT-MiCISFcIT-MiCISF aen aAA.VV. aThe United Nations Population Projection Computer Program 4aThe United Nations Population Projection Computer ProgrambA User's Manual a1a ed. a New YorkbUnited Nationsc1989 app. 117 aDepartment of International Econimic and Social Affairs / popolazione, situazione-demografica, politiche-sociali, statistica, mortalità, fecondità /  apopolazione